000 00678nam a2200253Ia 4500
003 OSt
005 20220926014827.0
006 a|||||r|||| 00| 0
007 ta
008 220923b |||||||| |||| 00| 0 eng d
020 _a0416397905
037 _cGeneral Book
040 _aRTL
_cRTL
_beng
041 _2eng
_aeng
082 _aU8.73.N8, M5
100 _aMurphy Peter E
_9321165
245 0 _aTourism
_b A community approach
260 _aNew York
_bMethuen U S A
_c1985
300 _axvi,200p.
_ccm.
500 _aBib p. 179-90
650 _aTravels
_9238248
942 _hU8.73.N8, M5
_cGB
_2CC
999 _c629929
_d629929